书目信息 |
| 题名: |
Access 2003数据库原理与应用标准教程
|
|
| 作者: | 杨继萍 , 郝军启 编著 | |
| 分册: | ||
| 出版信息: | 北京 清华大学出版社 2006 |
|
| 页数: | 330页 | |
| 开本: | 26cm | |
| 丛书名: | 清华电脑学堂 | |
| 单 册: | ||
| 中图分类: | TP311.138AC , TP311.138 | |
| 科图分类: | ||
| 主题词: | 数据库管理系统--教材 | |
| 电子资源: | ||
| ISBN: | 7-302-12147-8 | |
| 000 | 01206nam0 2200301 450 | |
| 000 | 01184nam0 2200289 450 | |
| 000 | 01110nam0 2200265 450 | |
| 000 | 01073nam0 2200253 450 | |
| 005 | 20070606140151.40 | |
| 010 | @a7-302-12147-8@dCNY29.00 | |
| 100 | @a20060104d2006 em y0chiy50 ea | |
| 101 | 0 | @achi |
| 102 | @aCN@b110000 | |
| 105 | @ay z 000yy | |
| 200 | 1 | @aAccess 2003数据库原理与应用标准教程@AAccess 2003 Shu Ju Ku Yuan Li Yu Ying Yong Biao Zhun Jiao Cheng@b专著@f杨继萍,郝军启等编著@FYang Ji Ping, Hao Jun Qi Deng Bian Zhu |
| 210 | @a北京@c清华大学出版社@d2006 | |
| 215 | @a330页@d26cm | |
| 225 | 2 | @a清华电脑学堂 |
| 330 | @a本书围绕Access讲解了数据库设计与实现的知识,包括:数据库的相关基础知识、Access 2003中文版概述、建立数据表和关系、使用查询、窗体设计基础、报表设计基础、使用网页发布数据、Access编程、创建宏与应用表达式、数据库的管理和维护、Access 2003项目开发实例。 | |
| 410 | 0 | @12001 @a清华电脑学堂 |
| 606 | 0 | @a数据库管理系统@j教材 |
| 610 | 1 | @aAccess |
| 690 | @aTP311.138AC@v4 | |
| 690 | @aTP311.138@v3 | |
| 701 | 0 | @a杨继萍@AYang Ji Ping@c(计算机)@4编著 |
| 701 | 1 | @a郝军启@c(计算机)@4编著 |
| 801 | 0 | @aCN@bTAOJIN@c20070606 |
| 905 | @a10447@dTP311.138@e283 | |
| Access 2003数据库原理与应用标准教程/杨继萍,郝军启等编著.-北京:清华大学出版社,2006 |
| 330页;26cm.-(清华电脑学堂) |
| ISBN 7-302-12147-8:CNY29.00 |
| 本书围绕Access讲解了数据库设计与实现的知识,包括:数据库的相关基础知识、Access 2003中文版概述、建立数据表和关系、使用查询、窗体设计基础、报表设计基础、使用网页发布数据、Access编程、创建宏与应用表达式、数据库的管理和维护、Access 2003项目开发实例。 |
| ● |
| 相关链接 |
|
|
|
|
正题名:Access 2003数据库原理与应用标准教程
索取号:TP311.138/283
 
预约/预借
| 序号 | 登录号 | 条形码 | 馆藏地/架位号 | 状态 | 备注 |
| 1 | 0526110 | 205261107 | 第二样本阅览室/ [索取号:TP311.138/283] | 在馆 | |
| 2 | 0526111 | 205261116 | 第三借阅区/ [索取号:TP311.138/283] | 在馆 | |
| 3 | 0526112 | 205261125 | 第三借阅区/ [索取号:TP311.138/283] | 在馆 | |
| 4 | 0526113 | 205261134 | 密集书库/ [索取号:TP311.138/283] | 在馆 | |
| 5 | 0526114 | 205261143 | 第三借阅区/ [索取号:TP311.138/283] | 在馆 | |
| 6 | 0526115 | 205261152 | 密集书库/ [索取号:TP311.138/283] | 在馆 | |
| 7 | 0526116 | 205261161 | 第三借阅区/ [索取号:TP311.138/283] | 在馆 | |
| 8 | 0526117 | 205261170 | 第三借阅区/ [索取号:TP311.138/283] | 在馆 |